History Quiz

Random History or Famous Quiz

Famous Russians Quiz Stats

 Plays Quiz Updated Jul 22, 2015

Also try: Russian Roulette
Challenge
Share
Tweet
Embed
Score 0/24 Timer 08:00
4 Plays Today
% Correct
Ivan IV
93.3%
Yuri Gagarin
89.8%
Vladimir Lenin
88.7%
Leo Tolstoy
86.3%
Pyotr Tchaikovsky
86.2%
Peter I
86%
Mikhail Gorbachev
86%
Maria Sharapova
85.7%
Peter Carl Faberge
83.6%
Grigori Rasputin
82.2%
Yul Brynner
74.7%
Dmitri Mendeleev
74.6%
% Correct
Fyodor Dostoevsky
74%
Anton Chekhov
67.2%
Wassily Kandinsky
52.2%
Alexander Pushkin
51%
Georgy Zhukov
50.6%
Sergei Fedorov
45.5%
Sergei Eisenstein
40.5%
Andrei Sakharov
39.1%
Lev Yashin
34.4%
Mikhail Lomonosov
24.8%
Alexander Suvorov
24.8%
Sergei Yesenin
16.8%

You're not logged in!

Compare scores with friends on all Sporcle quizzes.
Join for Free
OR
Log In

You Might Also Like...

Show Comments

Extras

Top Quizzes Today


Score Distribution

Your Account Isn't Verified!

In order to create a playlist on Sporcle, you need to verify the email address you used during registration. Go to your Sporcle Settings to finish the process.

Report this User

Report this user for behavior that violates our Community Guidelines.

Details: